000 01179cam a2200277 a 4500
999 _c27209
_d27209
001 3468776
003 OSt
005 20170207154702.0
008 930203s1994 enka b 001 0 eng
010 _a 93018376
020 _a0415081300
040 _aDLC
_cDLC
_dDLC
050 0 0 _aNA105
_b.S78 1994
082 0 0 _a720/.47
_220
100 1 _aStrike, James.
245 1 0 _aArchitecture in conservation :
_bmanaging development at historic sites /
_cJames Strike.
260 _aLondon ;
_aNew York :
_bRoutledge,
_c1994.
300 _aix, 163 p. :
_bill. ;
_c26 cm.
504 _aIncludes bibliographical references (p. 157-159) and index.
650 0 _aHistoric buildings
_xRemodeling for other use.
650 0 _aHistoric sites
_xConservation and restoration.
856 4 2 _3Publisher description
_uhttp://www.loc.gov/catdir/enhancements/fy0648/93018376-d.html
906 _a7
_bcbc
_corignew
_d1
_eocip
_f19
_gy-gencatlg
942 _2lcc
_cBOOKS
_hNA 105 .S78 1994